000 00337nam a2200109Ia 4500
001 1259222
005 20260417140307.0
008 260417s9999 xx 000 0 und d
020 _a9786257432337
245 0 _aBir Müslüman İslam’da Yönetim Biçimi ve Halifelik’e Nasıl Bakmalı?
_cAbdulkadir Macit
260 _bBeyan Yayınları
999 _c1259222
_d1259222